| 000 | 00535nam a2200217Ia 4500 | ||
|---|---|---|---|
| 005 | 20250425162750.0 | ||
| 008 | 250425s9999 xx 000 0 und d | ||
| 020 | _a9684229313 | ||
| 041 | _aspa | ||
| 043 | _amx | ||
| 082 | _a001.42 | ||
| 100 | _aHERNANDEZ SAMPIERI, ROBERTO | ||
| 245 | 0 | _aMETODOLOGIA DE LA INVESTIGACION | |
| 250 | _a1A ED. | ||
| 260 | _aMEXICO | ||
| 260 |
_aMéxico _bMCGRAW-HILL INTERAMERICANA _c1991 |
||
| 300 | _a505 | ||
| 650 | _aMETODOLOGIA DE LA INVESTIGACION | ||
| 942 | _c01 | ||
| 010 | _a106637 | ||
| 999 |
_c235964 _d235964 |
||